| 000 | 00345nam a2200145Ia 4500 | ||
|---|---|---|---|
| 008 | 220803s9999 xx 000 0 und d | ||
| 041 | _aeng | ||
| 082 | _a891.46 TEL | ||
| 100 |
_aTelang M _915439 |
||
| 245 | _aMonomayi | ||
| 260 |
_aPune _bMadhav Telang _c2001 |
||
| 300 | _a96p | ||
| 500 | _aArchitecture | ||
| 650 |
_aMarathi Literature _915440 |
||
| 999 |
_c11353 _d11353 |
||